Colo-Proctology : Proceedings of the Anglo-Swiss Colo-Proctology Meeting, Lausanne, May 19/20, 1983 /

Bibliographic Details
Main Author: Givel, Jean-Claude
Corporate Author: SpringerLink (Online service)
Other Authors: Saegesser, Frédéric
Format: eBook
Language:English
Published: Berlin, Heidelberg : Springer Berlin Heidelberg, 1984.
Subjects:
Online Access:Connect to the full text of this electronic book

MARC

Tag First Indicator Second Indicator Subfields
LEADER 00000cam a2200000Mi 4500
001 in00003561007
006 m o d
007 cr mnu---uuaaa
008 121227s1984 gw a o 000 0 eng
005 20260422221157.8
019 |a 858931597 
020 |a 9783642954399 (electronic bk.) 
020 |a 3642954391 (electronic bk.) 
020 |z 9783540125570 
020 |z 3540125574 
024 7 |a 10.1007/978-3-642-95439-9  |2 doi 
035 |a (OCoLC)851382352  |z (OCoLC)858931597 
040 |a AU@  |b eng  |c AU@  |d OCLCQ  |d OCLCO  |d UV0  |d GW5XE  |d OCLCF  |d UtOrBLW 
049 |a TXAM 
050 4 |a RC864-866 
072 7 |a MJH  |2 bicssc 
072 7 |a MED031000  |2 bisacsh 
082 0 4 |a 616.35  |2 23 
100 1 |a Givel, Jean-Claude. 
245 1 0 |a Colo-Proctology :  |b Proceedings of the Anglo-Swiss Colo-Proctology Meeting, Lausanne, May 19/20, 1983 /  |c edited by Jean-Claude Givel, Frédéric Saegesser. 
246 3 |a With contributions by numerous experts 
264 1 |a Berlin, Heidelberg :  |b Springer Berlin Heidelberg,  |c 1984. 
300 |a 1 online resource (xii, 182 pages 85 illustrations) 
336 |a text  |b txt  |2 rdacontent 
337 |a computer  |b c  |2 rdamedia 
338 |a online resource  |b cr  |2 rdacarrier 
500 |a Electronic resource. 
650 0 |a Medicine. 
650 0 |a Gastroenterology. 
650 0 |a Clinical medicine. 
650 0 |a Endocrinology. 
650 7 |a Clinical medicine.  |2 fast  |0 (OCoLC)fst00864361 
650 7 |a Endocrinology.  |2 fast  |0 (OCoLC)fst00909749 
650 7 |a Gastroenterology.  |2 fast  |0 (OCoLC)fst00938842 
650 7 |a Medicine.  |2 fast  |0 (OCoLC)fst01014893 
655 7 |a Electronic books.  |2 local 
700 1 |a Saegesser, Frédéric. 
710 2 |a SpringerLink (Online service) 
776 1 8 |i Print version:  |z 9783540125570 
856 4 0 |u http://proxy.library.tamu.edu/login?url=https://link.springer.com/10.1007/978-3-642-95439-9  |z Connect to the full text of this electronic book  |t 0 
994 |a 92  |b TXA 
999 |a MARS 
999 f f |s 5534a44e-f0b8-3245-8f63-c7ee920e4a74  |i e3a03a20-39c9-3753-80ea-63c2fbbe5658  |t 0 
952 f f |a Texas A&M University  |b College Station  |c Electronic Resources  |s www_evans  |d Available Online  |t 0  |e RC864-866  |h Library of Congress classification 
998 f f |a RC864-866  |t 0  |l Available Online